| 000 | 00744nam a2200241 a 4500 | ||
|---|---|---|---|
| 001 | 64040 | ||
| 003 | BD-RjUL | ||
| 005 | 20211209081250.0 | ||
| 008 | 170208s1958 ii ab b 001 0 eng d | ||
| 035 | _a(BD-RjUL)64170 | ||
| 040 |
_aDLC _cCLE _dOCL _dBD-RjUL _beng |
||
| 041 | _aeng | ||
| 082 |
_223 _a954.02 _bQUA 1958 |
||
| 100 | 1 |
_aQureshi, Ishtiaq Husain. _9118359 |
|
| 245 | 1 | 4 |
_aThe administration of the sultanate of Dehli / _cIshtiaq Husain Qureshi. |
| 250 | _a4th. rev. ed. | ||
| 260 |
_aNew delhi : _bSh. Muhammad Ashraf, _c1958 |
||
| 300 |
_axi, 313 p. : _biil. ; _c21 cm. |
||
| 504 | _aIncludes bibliography and index. | ||
| 650 | 0 |
_aMuslims _zIndia. _9162759 |
|
| 651 | 0 |
_aIndia _xPolitics and government. _9162760 |
|
| 942 |
_2ddc _cBK |
||
| 999 |
_c64040 _d64040 |
||